Southville International School and Colleges
Your cart is empty.
  • Cart
  • Lists
    Public lists Eva Luna New books Lux_list list_1
    Your lists Log in to create your own lists
  • Log in to your account
  • Your cookies
  • Search history
Southville International School and Colleges
  • Advanced search
  • Recent comments
  • Most popular
  • Libraries

Log in to your account

Log in with GOOGLE


If you do not have an external account, but do have a local account, you can still log in:

  1. Home
  2. MARC view: New dimensions to energy policy /
Normal view MARC view ISBD view

New dimensions to energy policy / (Record no. 8963)

[ view plain ]
MARC details
000 -LEADER
fixed length control field 00921cam a2200289 i 4500
001 - CONTROL NUMBER
control field 1790655
003 - CONTROL NUMBER IDENTIFIER
control field SISC
005 - DATE AND TIME OF LATEST TRANSACTION
control field 20160406090347.0
008 - FIXED-LENGTH DATA ELEMENTS--GENERAL INFORMATION
fixed length control field 790109s1979 mau b 001 0 eng
010 ## - LIBRARY OF CONGRESS CONTROL NUMBER
LC control number 78000389
020 ## - INTERNATIONAL STANDARD BOOK NUMBER
International Standard Book Number 0669021725
040 ## - CATALOGING SOURCE
Original cataloging agency DLC
Transcribing agency DLC
Modifying agency DLC
043 ## - GEOGRAPHIC AREA CODE
Geographic area code n-us---
050 00 - LIBRARY OF CONGRESS CALL NUMBER
Classification number HD 9502.U52
Item number .N46 1979
082 00 - DEWEY DECIMAL CLASSIFICATION NUMBER
Classification number HS 333.7
Item number L43 1979
245 00 - TITLE STATEMENT
Title New dimensions to energy policy /
Statement of responsibility, etc edited by Robert Lawrence.
260 ## - PUBLICATION, DISTRIBUTION, ETC. (IMPRINT)
Place of publication, distribution, etc Lexington, Mass. :
Name of publisher, distributor, etc Lexington Books,
Date of publication, distribution, etc c1979.
300 ## - PHYSICAL DESCRIPTION
Extent 233 p. :
Dimensions 24 cm.
490 1# - SERIES STATEMENT
Series statement Policy Studies Organization series
500 ## - GENERAL NOTE
General note Includes bibliographical references and index.
650 #0 - SUBJECT ADDED ENTRY--TOPICAL TERM
Topical term or geographic name as entry element Energy policy
Geographic subdivision United States.
9 (RLIN) 11970
700 1# - ADDED ENTRY--PERSONAL NAME
Personal name Lawrence, Robert M.,
Dates associated with a name 1932-
9 (RLIN) 11971
830 #0 - SERIES ADDED ENTRY--UNIFORM TITLE
Uniform title Policy Studies Organization series (Unnumbered)
9 (RLIN) 11972
906 ## - LOCAL DATA ELEMENT F, LDF (RLIN)
a 7
b cbc
c orignew
d 1
e ocip
f 19
g y-gencatlg
942 ## - ADDED ENTRY ELEMENTS (KOHA)
Source of classification or shelving scheme Library of Congress Classification
Koha item type Books
Holdings
Withdrawn status Lost status Source of classification or shelving scheme Damaged status Home library Current library Shelving location Date acquired Total Checkouts Full call number Barcode Date last seen Copy number Price effective from Koha item type
    Library of Congress Classification   Luxembourg Library Luxembourg Library High School Section 08/22/2013   HD 9502.U52 .N46 1979 0682 04/06/2016 1 08/22/2013 Books

New dimensions to energy policy /

APA

Lawrence R. M., . (1979). New dimensions to energy policy. Lexington, Mass: Lexington Books.

Chicago

Lawrence Robert M, . 1979. New dimensions to energy policy. Lexington, Mass: Lexington Books.

Harvard

Lawrence R. M., . (1979). New dimensions to energy policy. Lexington, Mass: Lexington Books.

MLA

Lawrence Robert M, . New dimensions to energy policy. Lexington, Mass: Lexington Books. 1979.

  • Place hold
  • Print
  • Cite
  • Add to your cart (remove)
  • Save record
    BIBTEX Dublin Core MARCXML MARC (non-Unicode/MARC-8) MARC (Unicode/UTF-8) MARC (Unicode/UTF-8, Standard) MODS (XML) RIS
  • More searches
    Search for this title in:
    Other Libraries (WorldCat) Other Databases (Google Scholar) Online Stores (Bookfinder.com) Open Library (openlibrary.org)

Exporting to Dublin Core...

SOUTHVILLE LIBRARY

Southville International School and Colleges Library

1281 Tropical Ave. Cor. Luxembourg St., BF Homes International, Las Pinas City

Tel. No. 8256374 / 252358 Loc. 117/146

Powered by Koha